000 00812nam a2200205Ia 4500
999 _c39244
_d39244
001 5830
003 GE_BSU
005 20190530143136.0
008 181216s1973||||ge |||||||||||||| ||geo||
040 _cGE_BSU
041 _ageo
080 _a338.45+69(075.8) ტ-92
100 _aტურაშვილი, ა.
_9706
245 _aმშენებლობის ეკონომიკა : სახელმძღვ. /
_cა. ტურაშვილი ; რედ : ლ. გულაშვილი.
264 _aთბილისი :
_bგანათლება,
_c1973.
300 _a388 გვ .:
_c22 სმ.
653 _aმშენებლობის ეკონომიკა
700 _aგულაშვილი, ლ
_eრედაქტორი
_91830
942 _cBK
_2udc